Top 20 des pays vendeurs de Citroën - Statistiques

Statistiques générales
  • Ce quiz a été pris 46 fois
  • Le résultat moyen est 15 sur 20
Statistiques - réponses
Nombre de Citroën vendus Pays % Correct
125 00 France
100%
28 000 Italie
100%
45 000 Espagne
98%
9 000 Portugal
93%
24 000 Allemagne
90%
26 000 Royaume-Uni
90%
18 000 Belgique
88%
6 000 Chine
83%
7 000 Suisse
83%
30 000 Bresil
80%
15 000 Pologne
80%
4 000 Japon
73%
12 000 Maroc
73%
8 000 Autriche
70%
13 000 Pays-Bas
63%
22 000 Turquie
60%
20 000 Argentine
58%
10 000 République Tchèque
58%
11 000 Grece
55%
5 000 Inde
55%
Aucun quiz correspondant
Distribution des résultats
% des personnes avec chaque résultat
Percentile par nombre de réponses
Votre historique - résultats
Vous n’avez pas pris ce quiz